|
|
|
|
| LEADER |
00760nab a2200229 i 4500 |
| 001 |
publ33364 |
| 005 |
20250509110553.0 |
| 008 |
250509s1986 hu o 000 hun d |
| 022 |
|
|
|a 0023-1878
|
| 024 |
7 |
|
|a 1375643
|2 mtmt
|
| 040 |
|
|
|a SZTE Publicatio Repozitórium
|b hun
|
| 041 |
|
|
|a hun
|
| 100 |
1 |
|
|a Faredin Imre
|
| 245 |
1 |
0 |
|a Progeszteron radioimmunoassay emberi szérumból kromatográfia nélkül
|h [elektronikus dokumentum] /
|c Faredin Imre
|
| 260 |
|
|
|c 1986
|
| 300 |
|
|
|a 3-10
|
| 490 |
0 |
|
|a KÍSÉRLETES ORVOSTUDOMÁNY
|v 38
|
| 650 |
|
4 |
|a Kémiai tudományok
|
| 650 |
|
4 |
|a Általános orvostudomány
|
| 700 |
0 |
1 |
|a Tóth István
|e aut
|
| 700 |
0 |
1 |
|a Janáky Tamás
|e aut
|
| 856 |
4 |
0 |
|u http://publicatio.bibl.u-szeged.hu/33364/1/aok_klny_284_86.pdf
|z Dokumentum-elérés
|